000 01292cam a2200277 4500
001 L135439
008 061026n2006 000 0 eng u
020 _a1846610443
035 _a(Sirsi) u135439
041 0 _aeng
050 0 4 _a333.32 $2 18
100 1 _aUbhi, Navjit
245 0 0 _aLaw of commons and of town and village greens
250 _a2nd ed.
260 _aBristol
_bJordans Publishing Ltd
_c2006
300 _axlv, 430p.
_c24cm
350 _a70
505 2 _aBackground -- Historical development -- Classification of common lands -- Classification of rights of common -- Ownership of common land -- Creation and transfer of rights of common -- Inclosure and extinguishment of rights of common -- Registration of common land and rights of common -- Town and village greens -- Public access to commons -- Regulation and management of common lands -- Compulsory acquisition and common lands.
520 _aLooks at common land and town and village greens which have value for a number or reasons - ecological, historical, agricultural or recreational, and offers a practical explanation of the law.
590 _aKA
650 2 4 _aCOMMONS ACT 2006
651 4 _aEngland and Wales
_y1543-
690 _aPROPERTY
700 1 _aDenyer-Green, Barry P. D.
942 _n0
999 _c106062
_d106062